Vicepresidentes segundos de España - Estadísticas

Estadísticas generales
  • Esta prueba ha sido intentada 6 veces
  • La puntuación promedio es 4 de 12
Estadísticas de respuestas
Presidente Período Vicepresidente % Correcto
Pedro Sánchez 2020-2021 Pablo Iglesias
100%
José María Aznar 1996-2003 Rodrigo Rato
60%
Pedro Sánchez 2021-Act. Yolanda Díaz
60%
José Luis Rodríguez Zapatero 2009-2011 Elena Salgado
40%
José Luis Rodríguez Zapatero 2011 Manuel Chaves
40%
Leopoldo Calvo-Sotelo 1981-1982 Juan Antonio García Díez
20%
Adolfo Suárez 1980-1981 Leopoldo Calvo-Sotelo
20%
Pedro Sánchez 2021 Nadia Calviño
20%
Adolfo Suárez 1977-1978 Enrique Fuentes Quintana
0%
Adolfo Suárez 1978-1980 Fernando Abril Martorell
0%
José María Aznar 2003-2004 Javier Arenas
0%
José Luis Rodríguez Zapatero 2004-2009 Pedro Solbes
0%
No se encontraron pruebas coincidentes
Distribución de puntuación
Porcentaje de gente con cada puntuación
Porcentaje por número respondido
Historial de tus puntuaciones
No has intentado esta prueba.